[Event "St Petersburg Blokadny op"]
[Site "St Petersburg"]
[Date "2010.01.03"]
[Round "1"]
[White "Shushpanov, Vladimir Fedorovich"]
[Black "Menovshchikov, Mark"]
[Result "1-0"]
[WhiteElo "2375"]
[BlackElo "1912"]
[PlyCount "79"]
[EventDate "2010.01.03"]
[EventType "swiss"]
[EventRounds "9"]
[EventCountry "RUS"]
[SourceTitle "CBM 134 Extra"]
[Source "ChessBase"]
[SourceDate "2010.03.03"]
[SourceVersion "1"]
[SourceVersionDate "2010.03.03"]
[SourceQuality "1"]

1. d4 Nf6 2. c4 g6 3. Nc3 Bg7 4. e4 d6 5. f3 0-0 6. Be3 Nc6 7. Nge2 a6 8. Qd2 Rb8 9. Nc1 e5 10. d5 Nd4 11. N1e2 c5 12. dxc6 bxc6 13. Nxd4 exd4 14. Bxd4 d5 15. cxd5 cxd5 16. e5 Re8 17. Be2 Nd7 18. f4 Bh6 19. 0-0 Nxe5 20. Rad1 Nc6 21. Bc5 Be6 22. Bf3 Qa5 23. Ba3 Bg7 24. Nxd5 Bd4+ 25. Kh1 Bxd5 26. Qxa5 Nxa5 27. Bxd5 Bxb2 28. Bd6 Rb5 29. a4 Rxd5 30. Rxd5 Nc4 31. Bc5 Bc3 32. Bd4 Bb4 33. h3 Nd2 34. Rd1 Ne4 35. Kh2 Bd6 36. Be5 Bxe5 37. Rxe5 Rxe5 38. fxe5 Nc3 39. Rd8+ Kg7 40. a5 1-0

[Event "St Petersburg White Nights op"]
[Site "St Petersburg"]
[Date "2009.06.15"]
[Round "7"]
[White "Gavrilov, Oleg"]
[Black "Shushpanov, Vladimir Fedorovich"]
[Result "1/2-1/2"]
[WhiteElo "2361"]
[BlackElo "2384"]
[PlyCount "34"]
[EventDate "2009.06.09"]
[EventType "swiss"]
[EventRounds "9"]
[EventCountry "RUS"]
[SourceTitle "EXT 2011"]
[Source "ChessBase"]
[SourceDate "2010.11.26"]
[SourceVersion "1"]
[SourceVersionDate "2010.11.26"]
[SourceQuality "1"]

1. c4 Nf6 2. Nc3 d5 3. cxd5 Nxd5 4. e4 Nb4 5. d3 c5 6. Be3 e6 7. Nf3 N8c6 8. a3 Na6 9. d4 cxd4 10. Nxd4 Bd7 11. Nxc6 Bxc6 12. Qxd8+ Kxd8 13. 0-0-0+ Kc8 14. b4 Nc7 15. Kb2 b5 16. Kb3 Be7 17. Be2 Kb7 1/2-1/2

[Event "St Petersburg White Nights op"]
[Site "St Petersburg"]
[Date "2009.06.10"]
[Round "2"]
[White "Kazakevich, Grigoriy"]
[Black "Shushpanov, Vladimir Fedorovich"]
[Result "0-1"]
[WhiteElo "2140"]
[BlackElo "2384"]
[PlyCount "80"]
[EventDate "2009.06.09"]
[EventType "swiss"]
[EventRounds "9"]
[EventCountry "RUS"]
[SourceTitle "EXT 2011"]
[Source "ChessBase"]
[SourceDate "2010.11.26"]
[SourceVersion "1"]
[SourceVersionDate "2010.11.26"]
[SourceQuality "1"]

1. e4 d6 2. d4 Nf6 3. Nc3 c6 4. Nf3 Bg4 5. Be2 e6 6. Nd2 Bxe2 7. Qxe2 d5 8. exd5 cxd5 9. Nf3 Nc6 10. 0-0 Be7 11. Rd1 0-0 12. Ne5 Rc8 13. Rd3 Qb6 14. Nxc6 Rxc6 15. Nd1 Ne4 16. c3 Qc7 17. f3 Nd6 18. Bf4 b5 19. Nf2 Qb6 20. b3 b4 21. cxb4 Qxb4 22. Qd2 Qb6 23. Bxd6 Bxd6 24. Rc1 Bxh2+ 25. Kf1 Rfc8 26. Rxc6 Qxc6 27. Ke2 Bd6 28. Nd1 h6 29. Nb2 Qd7 30. Na4 Bc7 31. Qc3 Qd8 32. Nc5 Qh4 33. Qe1 Bg3 34. Qg1 g5 35. Rd1 Qh5 36. Qe3 Bf4 37. Qf2 e5 38. Kd3 Qg6+ 39. Ke2 exd4 40. Qxd4 Qc2+ 0-1

[Event "St Petersburg Chigorin CC-ch"]
[Site "St Petersburg"]
[Date "2008.05.20"]
[Round "6"]
[White "Shushpanov, Vladimir Fedorovich"]
[Black "Valov, Ilya"]
[Result "1-0"]
[WhiteElo "2357"]
[BlackElo "2275"]
[PlyCount "109"]
[EventDate "2008.05.13"]
[EventType "swiss"]
[EventRounds "9"]
[EventCountry "RUS"]
[SourceTitle "CBM 124 Extra"]
[Source "ChessBase"]
[SourceDate "2008.07.03"]
[SourceVersion "1"]
[SourceVersionDate "2008.07.03"]
[SourceQuality "1"]

1. c4 Nf6 2. g3 g6 3. Bg2 Bg7 4. Nf3 0-0 5. 0-0 c6 6. d4 d5 7. Qb3 dxc4 8. Qxc4 Be6 9. Qb4 Qd7 10. Ne5 Qc7 11. Nc3 Nfd7 12. Nxd7 Qxd7 13. Rd1 Na6 14. Qa3 Qd6 15. Qxd6 exd6 16. d5 cxd5 17. Nxd5 Bxd5 18. Rxd5 Rad8 19. Be3 b6 20. Bd4 Rfe8 21. Bxg7 Kxg7 22. e3 Re5 23. Rd4 Ra5 24. a3 Kf8 25. b4 Re5 26. Rc1 Ke7 27. Bf1 Nb8 28. Rc7+ Rd7 29. Rc8 Rd8 30. Rxd8 Kxd8 31. Rxd6+ Ke7 32. Rd4 f5 33. Rh4 h5 34. Rc4 Kd7 35. h4 Nc6 36. Bg2 Ne7 37. Kf1 a5 38. Ke2 axb4 39. axb4 Re6 40. Kd3 Nc8 41. Bd5 Rf6 42. Kd4 Nd6 43. Ke5 Ne8 44. Kf4 Rd6 45. Bf3 Ng7 46. Rc1 Ne6+ 47. Ke5 Nc7 48. Rd1 Rxd1 49. Bxd1 Na6 50. Kf6 Nxb4 51. Kxg6 Nd3 52. Bxh5 Ke6 53. Be2 Nxf2 54. h5 Ne4 55. Bd3 1-0

[Event "St Petersburg Chigorin CC-ch"]
[Site "St Petersburg"]
[Date "2008.05.15"]
[Round "3"]
[White "Korennoi, Viktor"]
[Black "Shushpanov, Vladimir Fedorovich"]
[Result "0-1"]
[WhiteElo "2184"]
[BlackElo "2357"]
[PlyCount "76"]
[EventDate "2008.05.13"]
[EventType "swiss"]
[EventRounds "9"]
[EventCountry "RUS"]
[SourceTitle "CBM 124 Extra"]
[Source "ChessBase"]
[SourceDate "2008.07.03"]
[SourceVersion "1"]
[SourceVersionDate "2008.07.03"]
[SourceQuality "1"]

1. d4 d5 2. c4 dxc4 3. Nf3 Nf6 4. e3 g6 5. Bxc4 Bg7 6. 0-0 0-0 7. Ne5 e6 8. f4 c5 9. Nc3 cxd4 10. exd4 Nc6 11. Be3 Ne7 12. Qf3 Nfd5 13. Bf2 Nxc3 14. bxc3 Qc7 15. Bb5 Rb8 16. Rac1 a6 17. Bd3 b6 18. Be4 Bb7 19. Bxb7 Qxb7 20. Qh3 Rbc8 21. g4 b5 22. Bh4 Rc7 23. Bxe7 Rxe7 24. g5 Rc7 25. Rf3 Rfc8 26. a3 Qe4 27. Rcf1 Qc2 28. R1f2 Qc1+ 29. Rf1 Qxa3 30. d5 Qc5+ 31. Re3 Qxd5 32. Rff3 b4 33. c4 Qd1+ 34. Rf1 Qc2 35. Ref3 Bxe5 36. fxe5 Qxc4 37. Kh1 Qe4 38. Qg2 Rc2 0-1

[Event "St Petersburg Chigorin CC-ch"]
[Site "St Petersburg"]
[Date "2008.05.14"]
[Round "2"]
[White "Shushpanov, Vladimir Fedorovich"]
[Black "Palchun, Grigory"]
[Result "1-0"]
[WhiteElo "2357"]
[BlackElo "2107"]
[PlyCount "63"]
[EventDate "2008.05.13"]
[EventType "swiss"]
[EventRounds "9"]
[EventCountry "RUS"]
[SourceTitle "CBM 124 Extra"]
[Source "ChessBase"]
[SourceDate "2008.07.03"]
[SourceVersion "1"]
[SourceVersionDate "2008.07.03"]
[SourceQuality "1"]

1. e4 c5 2. Nf3 d6 3. c3 Nf6 4. Bd3 Nc6 5. 0-0 Bg4 6. h3 Bh5 7. Bc2 Qd7 8. d3 Rg8 9. d4 cxd4 10. cxd4 Bxf3 11. Qxf3 Nxd4 12. Qd3 Nxc2 13. Qxc2 Qc6 14. Nc3 0-0-0 15. Be3 Kb8 16. Rac1 e6 17. Qb3 b6 18. Nb5 Qa8 19. Nxa7 Qxa7 20. Bxb6 Qb7 21. Bc7+ Ka8 22. Qa4+ Qa7 23. Qc6+ Qb7 24. Bxd8 Qxc6 25. Rxc6 Nxe4 26. Rfc1 d5 27. Rc8+ Kb7 28. R1c7+ Ka6 29. Ra8+ Kb5 30. a4+ Kb6 31. Rxf7+ Kc6 32. Ba5 1-0

[Event "Soukhumi op"]
[Site "Soukhumi"]
[Date "2007.08.09"]
[Round "6"]
[White "Shushpanov, Vladimir Fedorovich"]
[Black "Chunihin, Sergey"]
[Result "1-0"]
[WhiteElo "2364"]
[BlackElo "2093"]
[PlyCount "31"]
[EventDate "2007.08.03"]
[EventType "swiss"]
[EventRounds "9"]
[EventCountry "RUS"]
[SourceTitle "EXT 2009"]
[Source "ChessBase"]
[SourceDate "2008.11.26"]
[SourceVersion "1"]
[SourceVersionDate "2008.11.26"]
[SourceQuality "1"]

1. e4 b6 2. d4 Bb7 3. Nd2 e6 4. Ngf3 d5 5. Bb5+ c6 6. Bd3 Ba6 7. c4 Be7 8. 0-0 dxe4 9. Nxe4 Nf6 10. Qe2 Nbd7 11. Ne5 Bb7 12. Nxf7 Kxf7 13. Ng5+ Ke8 14. Qxe6 Qc8 15. Qf7+ Kd8 16. Ne6# 1-0

[Event "Soukhumi op"]
[Site "Soukhumi"]
[Date "2007.08.03"]
[Round "1"]
[White "Pogosian, Georgy"]
[Black "Shushpanov, Vladimir Fedorovich"]
[Result "0-1"]
[WhiteElo "2201"]
[BlackElo "2364"]
[PlyCount "61"]
[EventDate "2007.08.03"]
[EventType "swiss"]
[EventRounds "9"]
[EventCountry "RUS"]
[SourceTitle "EXT 2009"]
[Source "ChessBase"]
[SourceDate "2008.11.26"]
[SourceVersion "1"]
[SourceVersionDate "2008.11.26"]
[SourceQuality "1"]

1. e4 c5 2. c3 g6 3. d4 cxd4 4. cxd4 d5 5. exd5 Nf6 6. Nc3 Nxd5 7. Qb3 Nxc3 8. Bc4 e6 9. bxc3 Nc6 10. Bb5 Bd7 11. Nf3 a6 12. Bxc6 Bxc6 13. 0-0 Rc8 14. Ne5 Qd5 15. Nxc6 Qxc6 16. Bf4 Be7 17. Bh6 Bf8 18. Bf4 Bg7 19. Qb4 b5 20. Rfc1 Bf8 21. Qa5 Bd6 22. Bh6 Bc7 23. Qb4 Qd6 24. Qxd6 Bxd6 25. a4 bxa4 26. Rxa4 Rc6 27. c4 Kd7 28. Rca1 Rhc8 29. Kf1 Be7 30. Rb1 R8c7 31. Rb8 0-1